000
00314nam a2200133Ia 4500
008
100328s9999 xx 000 0 und d
082
_b
15415
100
_a
Carfland Barbara
245
_a
The Outrageous Lady
260
_b
---
630
_a
The Outrageous Lady
730
_a
The Outrageous Lady
942
_c
BOOK
999
_c
510230
_d
510227